000 00766nam a2200229Ia 4500
001 10350
003 GE_BSU
008 181216s||||||||xx |||||||||||||| ||und||
040 _cGE_BSU
080 _a821.353.1–32
100 _aუგულავა,ირაკლი
245 _aჯარისკაცის ღიმილი
245 _bმოთხრობები
245 _cრედ.ლ.ქადაგიშვილი.მხატვ. გ.ნადარეიშვილი
260 _aთბილისი
260 _bნაკადული
260 _c1966
300 _a104გვ.ილ.20სმ.
653 _aმოთხრობები
653 _aჯარისკაცის ღიმილი
942 _cBK
999 _c43615
_d43615